| 000 | 00516nam a2200205Ia 4500 | ||
|---|---|---|---|
| 003 | GCL | ||
| 008 | 140319s9999 xx 000 0 eng d | ||
| 040 |
_aGCL / _cGCL |
||
| 082 | 0 | 4 |
_a423 _bT T |
| 100 | 1 | _aTAYLAR, JAMES | |
| 245 | 1 | 0 |
_aTECHNICAL ENGLISH READER 1 / _cTAYLAR, JAMES |
| 700 | 1 | _aROSSNER, RICHARD | |
| 260 |
_a[S.N] : _bTHE MACMILLAN PRESS 1 TD ، _c1982 |
||
| 300 | _a58 P | ||
| 650 | 0 | 4 | _aREADING |
| 650 | 0 | 4 | _aENGLISH LANGUAGE |
| 650 | 0 | 4 | _aTECHNIQUE |
| 650 | 0 | 4 | _aLANGUAGES |
| 942 |
_2ddc _cBK |
||
| 999 |
_c22604 _d22604 |
||